| 000 | 01063nam a2200265 a 4500 | ||
|---|---|---|---|
| 001 | 22770 | ||
| 003 | CO-ViMGA | ||
| 008 | 141112s2004 ck r 000 u spa d | ||
| 020 | _a9588060087 | ||
| 040 |
_aCO-ViMGA _bspa _cCO-ViMGA |
||
| 082 | 0 | 4 | _a384 T677t |
| 100 | 1 |
_aTorres Nieto, Alvaro _919203 |
|
| 245 | 1 | 0 | _aTelecomunicaciones y telemática de las señales de humo a las actividades por internet |
| 260 | _aColombia. Escuela Colombiana de Ingenieria | ||
| 300 | _a380p. | ||
| 505 | _aEvolucion en el manejo de la informacion, Evolucion de las telecomunicaciones, Medios fisicos, Transmisión de informacion, El mundo inalambrico, redes publicas, redes de computadores, redes lan, Internet y actividades por internet | ||
| 650 | 1 | 4 | _aCOMERCIO ELECTRONICO |
| 650 | 1 | 4 |
_aINTERNET _951 |
| 650 | 1 | 4 |
_aREDES DE COMPUTADORES _917280 |
| 650 | 1 | 4 | _aREDES DE INFORMACION |
| 650 | 1 | 4 |
_aTELECOMUNICACIONES - HISTORIAS _932514 |
| 650 | 1 | 4 |
_aTELECOMUNICACIONES - NORMAS _932515 |
| 650 | 1 | 4 |
_aTELEMATICA - LEGISLACION - COLOMBIA _932516 |
| 942 |
_2ddc _cBK |
||
| 999 |
_c31067 _d31067 |
||